Zisk a strata spoločností prevádzkujúcích hazardné hry bakalárska práca

Enregistré dans:
Détails bibliographiques
Auteur principal: Böhmanová, Romana
Collectivité auteur: Fakulta hospodárskej informatiky EU. Katedra účtovníctva a audítorstva
Autres auteurs: Juhászová, Zuzana, 1970-
Format: Livre
Langue:slovaque
Publié: Bratislava 2021
Tags: Ajouter un tag
Pas de tags, Soyez le premier à ajouter un tag!

MARC

LEADER 00000nbm a2200000 4500
001 0276190
005 20220322140929.7
041 0 |a slo 
044 |a SK 
245 1 0 |a Zisk a strata spoločností prevádzkujúcích hazardné hry  |b bakalárska práca  |c Romana Böhmanová ; školiteľ: Zuzana Juhászová 
264 1 |a Bratislava  |c 2021 
300 |a 50 s. 
100 1 |a Böhmanová, Romana 
700 1 |a Juhászová, Zuzana, 1970- 
710 2 |a Fakulta hospodárskej informatiky EU. Katedra účtovníctva a audítorstva